banner koha

Sistema de lavagem de carcaças e controle de Salmonella spp. em abatedouros de frangos de corte (Registro n. 328210)

MARC details
000 -LÍDER
fixed length control field 03916nab a2200361 i 4500
003 - CÓDIGO MARC DA AGÊNCIA CATALOGADORA
Campo de controle BR-BrBNA
005 - DATA E HORA DA ÚLTIMA ATUALIZAÇÃO
Campo de controle 20241021131031.0
008 - CAMPO DE TAMANHO FIXO
fixed length control field 241021b2019 bl.|r|pooa||| 00| 0 por |
040 ## - FONTE DA CATALOGAÇÃO
Agência catalogadora BR-BrBNA
Idioma da catalogação por
072 ## - CATEGORIA AGRIS
Código AGRIS L70
Código do objeto 6100
100 ## - ENTRADA PRINCIPAL - NOME PESSOAL
Nome pessoal Isolan, L.W.
100 ## - ENTRADA PRINCIPAL - NOME PESSOAL
Nome pessoal Perdoncini, G.
100 ## - ENTRADA PRINCIPAL - NOME PESSOAL
Nome pessoal Todeschini, B.
100 ## - ENTRADA PRINCIPAL - NOME PESSOAL
Nome pessoal Santos, L.R.
100 ## - ENTRADA PRINCIPAL - NOME PESSOAL
Nome pessoal Guahyba, A.S.
100 ## - ENTRADA PRINCIPAL - NOME PESSOAL
Nome pessoal Depner, R.
100 ## - ENTRADA PRINCIPAL - NOME PESSOAL
Nome pessoal Nascimento, V.P.
245 ## - TÍTULO PRINCIPAL
Título principal Sistema de lavagem de carcaças e controle de Salmonella spp. em abatedouros de frangos de corte
500 ## - NOTA GERAL
Nota geral <br/>Publicação online; 29 ref.; 3 tables; Summaries (En, Pt)
942 ## - ADDED ENTRY ELEMENTS (KOHA)
Koha item type Analítica
520 ## - NOTA DE RESUMO
Nota de conteúdo <br/><br/>RESUMO - Avaliaram-se os dados do controle e monitoramento de Salmonella em carcaças de frangos de corte, antes e após a implantação do sistema de lavagem de carcaças. Foram amostradas 2692 carcaças antes da instalação do sistema e 1940 após a instalação, totalizando 4632 amostras em cinco abatedouros sob Inspeção Federal, no sul do Brasil. Anteriormente à instalação dos lavadores, obtiveram-se 156 resultados positivos para Salmonella spp. e, após a instalação, 83 resultados positivos, com diferença significativa (P<0,05/OR 1,4) entre os resultados gerais. Em dois dos cinco abatedouros avaliados, houve redução na positividade para Salmonella spp. nas carcaças amostradas após a instalação do lavador. Entretanto, em três estabelecimentos não houve diferença significativa após a instalação desse sistema. Os resultados sugerem que o aumento da vazão da água está relacionado com a redução da contaminação, enquanto o aumento da pressão de água do sistema de lavagem não foi suficiente para reduzir o patógeno nas carcaças amostradas. Dessa forma, conclui-se que o sistema de lavagem tem vantagens do ponto de vista operacional, ao evitar os desperdícios atribuídos à prática do refile, porém não elimina o risco da presença de Salmonella na carcaça de frango.<br/><br/><br/>Palavras-chave: contaminação cruzada, controle, monitoramento, Salmonell
520 ## - NOTA DE RESUMO
Nota de conteúdo <br/><br/>ABSTRACT - Data of the Control and Monitoring of Salmonella in broiler carcasses were evaluated before and afterthe implementation of a carcass washing system. A total of 2692 carcasses prior to system installation and 1940 after installation were sampled, totaling 4632 samples in five slaughterhouses under Federal Inspection in southern Brazil. Prior to installation of the washers, 156 carcasses were positive for Salmonella spp. and after installation, 83 carcasses tested positive, with a significant difference (P <0.05/OR 1.4) on the overall results. Two of the five evaluated slaughterhouses showed a prevalence decrease of Salmonella spp. in the sampled carcasses after installing the washer. However, in three establishments, there was no significant difference after installing this system. The results suggest that the increase of the water flow is related to the reduction of the contamination, while the increase of the water pressure of the washing system was not enough to reduce the pathogen in the sampled carcasses. The results show operational results since the washing system avoids the trimming of some carcasses, but doesn’t eliminate the risk of Salmonella. <br/><br/>Keywords: cross-contamination, control, monitoring, Salmonella
650 ## - ASSUNTO - THESAGRO
Cabeçalho tópico ou nome geográfico FRANGO DE CORTE
650 ## - ASSUNTO - THESAGRO
Cabeçalho tópico ou nome geográfico ABATEDOURO
650 ## - ASSUNTO - THESAGRO
Cabeçalho tópico ou nome geográfico CARCAÇA
650 ## - ASSUNTO - THESAGRO
Cabeçalho tópico ou nome geográfico SALMONELLA
650 ## - ASSUNTO - THESAGRO
Cabeçalho tópico ou nome geográfico CONTAMINAÇÃO
650 ## - ASSUNTO - THESAGRO
Cabeçalho tópico ou nome geográfico HIGIENE VETERINÁRIA
650 ## - ASSUNTO - THESAGRO
Cabeçalho tópico ou nome geográfico LEGISLAÇAO
773 0# - ENTRADA ANALÍTICA
Host Biblionumber 1643
Registro do item 345321
Imprenta Belo Horizonte-MG Universidade Federal de Minas Gerais - Escola de Veterinaria 1983
Outro identificador 2024-5846
Título Arquivo Brasileiro de Medicina Veterinária e Zootecnia (Brazil)
ISSN 0102-0935
Colação v, 71(1) p. 250-259; (2071)
Número de controle de registro BR2024002926
856 ## - ACESSO E ENDEREÇO ELETRÔNICO
Identificador uniforme de recurso - URI https://www.scielo.br/j/abmvz/a/8Hr87fLvx6dV87hZr7cNMdB/?format=pdf&lang=pt

Nenhum exemplar disponível.

BINAGRI

Telefone: (61)3218-2567/2388/3357/2097 - binagri@agro.gov.br

Ministério da Agricultura e Pecuária , Esplanada dos Ministérios, Bloco D, Anexo B, Brasília/DF, CEP: 70.043-900